IPL Winners list 2008-2024 - Statistics

General Stats
  • This quiz has been taken 80 times
    65 since last reset
  • The average score is 14 of 17
Answer Stats
Answer
Runner Up Number of Teams Player of the Series % Correct
Rajasthan Royals Chennai Super Kings 8 Shane Watson
95%
Chennai Super Kings Mumbai Indians 8 Sachin Tendulkar
92%
Deccan Chargers Royal Challengers Bangalore 8 Adam Gillchirst
90%
Chennai Super Kings Royal Challengers Bangalore 10 Chris Gayle
89%
Kolkata Knight Riders Chennai Super Kings 9 Sunil Narine
89%
Chennai Super Kings Gujarat Titans 10 Shubman Gill
87%
Mumbai Indians Chennai Super Kings 9 Shane Watson
87%
Kolkata Knight Riders Kings XI Punjab 8 Glenn Maxwell
84%
Kolkata Knight Riders Sunrisers Hyderabad 10 Sunil Narine
84%
Mumbai Indians Chennai Super Kings 8 Andre Russel
84%
Gujarat Titans Rajasthan Royals 10 Jos Buttler
81%
Mumbai Indians Chennai Super Kings 8 Andre Russel
79%
Sunrisers Hyderabad Royal Challengers Bangalore 8 Virat Kohli
79%
Chennai Super Kings Sunrisers Hyderabad 8 Sunil Narine
77%
Mumbai Indians Rising Pune Supergiants 8 Ben Stokes
77%
Mumbai Indians Delhi Capitals 8 Jofra Archer
77%
Chennai Super Kings Kolkata Knight Riders 8 Harshal Patel
76%
No matching quizzes found
Score Distribution
Percent of People with Each Score
Percentile by Number Answered
Your Score History
You have not taken this quiz since the last reset